Myths and places : (Record no. 1320358)

MARC details
000 -LEADER
fixed length control field 01078cam a22003375i 4500
001 - CONTROL NUMBER
control field 23939684
005 - DATE AND TIME OF LATEST TRANSACTION
control field 20250507155446.0
008 - FIXED-LENGTH DATA ELEMENTS--GENERAL INFORMATION
fixed length control field 241204s2024 ii 000 0 eng
010 ## - LIBRARY OF CONGRESS CONTROL NUMBER
LC control number 2024365654
020 ## - INTERNATIONAL STANDARD BOOK NUMBER
International Standard Book Number 9781032723686
025 ## - OVERSEAS ACQUISITION NUMBER
Overseas acquisition number I-E-2024365654
037 ## - SOURCE OF ACQUISITION
Terms of availability TB
040 ## - CATALOGING SOURCE
Original cataloging agency CRL
Language of cataloging eng
Description conventions rda
Transcribing agency CRL
041 ## - LANGUAGE CODE
Source of code eng
Language code of text/sound track or separate title eng
042 ## - AUTHENTICATION CODE
Authentication code lcode
084 ## - COLON CLASSIFICATION NUMBER
Classification number Q2:1 R4
Assigning agency CRL
245 00 - TITLE STATEMENT
Title Myths and places :
Remainder of title New perspectives in Indian cultural geography
260 ## - PUBLICATION, DISTRIBUTION, ETC.
Place of publication, distribution, etc. Abingdon, Oxon :
Name of publisher, distributor, etc. Routledge,
Date of publication, distribution, etc. 2024.
300 ## - PHYSICAL DESCRIPTION
Extent xiv, 232p.
336 ## - CONTENT TYPE
Content type term text
Content type code txt
Source rdacontent
337 ## - MEDIA TYPE
Media type term unmediated
Media type code n
Source rdamedia
338 ## - CARRIER TYPE
Carrier type term volume
Carrier type code nc
Source rdacarrier
365 ## - TRADE PRICE
Price amount 1295.00
Currency code INR
650 ## - SUBJECT ADDED ENTRY--TOPICAL TERM
Topical term or geographic name entry element Religion
650 ## - SUBJECT ADDED ENTRY--TOPICAL TERM
Topical term or geographic name entry element Indian Mythology
9 (RLIN) 755433
700 ## - ADDED ENTRY--PERSONAL NAME
Personal name Kaul, Shonaleeka
Relator term editor.
906 ## - LOCAL DATA ELEMENT F, LDF (RLIN)
a 7
b par
c origode
d 3
e ncip
f 20
g y-gencatlg
942 ## - ADDED ENTRY ELEMENTS (KOHA)
Source of classification or shelving scheme Colon Classification (CC)
Koha item type Textbook
Classification part Q2:1 R4
Suppress in OPAC No
Holdings
Withdrawn status Lost status Source of classification or shelving scheme Damaged status Not for loan Home library Current library Date acquired Source of acquisition Cost, normal purchase price Inventory number Total Checkouts Full call number Barcode Date last seen Price effective from Koha item type
    Colon Classification (CC)     Central Library Central Library 2025-05-07 Shivam Book Service 1295.00 96 & 2024-12-09   Q2:1 R4 CL1681853 2025-05-07 2025-05-07 Textbook
Copyright @ Delhi University Library System